1281 1966 1591 1958 1777 1792 1350 1491 1103 1526 1209 1040 1929 1743 1209 1336 1730 1528 1128 1091 1506 1667 1543 1990 1038 1613 1200 1170 1730 1840 1384 1431 1478 1434 1444 1511 1408 1806 1336 1597 1310 1621 1863 1639 1705 1532 1654 1202 1921 1738 1162 1314 1427 1521 1915 1136 1327 1735 1549 1782 1852 1341 1276 1638 1180 1562 1624 1913 1996 1814 1551 1134 1708 1068 1242 1510 1164 1599 1395 1638 1612 1919 1075 1287 1264 1982 1051 1695 1984 1016 1614 1319 1377 1218 1155 1348 1056 1003 1097 BCNSPRNW ULIB Ver.6.0+V

เปลี่ยนเป็นภาษาไทย

Change to English
 แสดงรายละเอียดบรรณานุกรม
  กลับหน้าหลัก

Brief Record : Get Marc (ISO 2709) : E-mail record : QR code < ปิดหน้าต่าง
LEADER : 00000nam 2200000uu 4500
001    13399111999
003     ULIB
008    110719s2553||||th 000 0 tha d
020    6169059110
090    นว.^bพ323ม 2553
100 0   พระจันทร์เจ้าขา
245 00  มนต์รักหนุ่มบ้านไร่/^cพระจันทร์เจ้าขา
250     พิมพ์ครั้งที่ 1
260     กรุงเทพฯ :^bยูแพคอินเตอร์,^c2553
300     469 หน้า
945    ^p265^l0^i028087
995     เกษร
999     ^aใช้งานได้ทุกระบบ
รายการนี้ยังไม่มีแท็ก
คุณยังไม่ได้ล็อกอิน คุณสามารถมีกิจกรรมร่วมกับเว็บไซต์ได้ แต่ต้องล็อกอินก่อน ::
  ล็อกอิน

รายการสื่อสารสนเทศ

ลำดับที่ ประเภท เลขเรียก/บาร์โค้ด สถานที่ สถานะ
1. นวนิยาย
นวนิยาย
นว. พ323ม 2553  
  Barcode: 028087
ห้องสมุดวิทยาเขตสวรรค์ประชารักษ์
►นวนิยาย
บนชั้น
  ขอยืม

BibComment


ยังไม่เคยถูกคอมเมนท์

คอมเมนท์ทรัพยากรรายการนี้
  คอมเมนท์: มนต์รักหนุ่มบ้าน..


 Copyright 2026. Bcnsprnw @Library